000 00760nam a2200181Ia 4500
008 090124s9999 xx 000 0 und d
082 _b15463
100 _aभिडे रामकृष्ण गोपाळ
245 _a इेग्रजांनी हिंदुस्तान कसा सोडला
250 _a0
260 _bगोसावी भ.मा.
300 _a90
600 _aभिडे रामकृष्ण गोपाळ
630 _a इेग्रजांनी हिंदुस्तान कसा सोडला
700 _aभिडे रामकृष्ण गोपाळ
730 _a इेग्रजांनी हिंदुस्तान कसा सोडला
942 _cBOOK
999 _c88356
_d88356